Commercial property market outlook (Record no. 119279)
[ view plain ]
| 000 -LEADER | |
|---|---|
| fixed length control field | 00913cas a22002175 4500 |
| 001 - CONTROL NUMBER | |
| control field | L150486 |
| 008 - FIXED-LENGTH DATA ELEMENTS--GENERAL INFORMATION | |
| fixed length control field | 111219c2011 xxk r p 0 a0eng u |
| 035 ## - SYSTEM CONTROL NUMBER | |
| System control number | (Sirsi) u150486 |
| 041 0# - LANGUAGE CODE | |
| Language code of text/sound track or separate title | eng |
| 050 ## - LIBRARY OF CONGRESS CALL NUMBER | |
| Classification number | 333.33 $2 18 |
| 110 2# - MAIN ENTRY--CORPORATE NAME | |
| Corporate name or jurisdiction name as entry element | Cluttons |
| 9 (RLIN) | 2064 |
| 245 00 - TITLE STATEMENT | |
| Title | Commercial property market outlook |
| Medium | [electronic resource] |
| 260 ## - PUBLICATION, DISTRIBUTION, ETC. | |
| Place of publication, distribution, etc. | London |
| Name of publisher, distributor, etc. | Cluttons |
| Date of publication, distribution, etc. | 2011 |
| 362 0# - DATES OF PUBLICATION AND/OR SEQUENTIAL DESIGNATION | |
| Dates of publication and/or sequential designation | July 2011- |
| 490 #0 - SERIES STATEMENT | |
| Series statement | Cluttons Commercial Property Market Outlook |
| Volume/sequential designation | July 2011- |
| 520 ## - SUMMARY, ETC. | |
| Summary, etc. | Provides an up-to-date analysis of key factors influencing the UK commercial property market as a whole as well as the individual sectors, offices, retail and industrial, together with benchmark transactions and trends going forward. |
| 554 ## - | |
| -- | Four per year |
| 651 #4 - SUBJECT ADDED ENTRY--GEOGRAPHIC NAME | |
| Geographic name | United Kingdom |
| Chronological subdivision | |
| 856 48 - ELECTRONIC LOCATION AND ACCESS | |
| Uniform Resource Identifier | <a href="https://www.cluttons.com/en-GB/research/market-reports.aspx">https://www.cluttons.com/en-GB/research/market-reports.aspx</a> |
| Public note | View the report free of charge at www.cluttons.com |
| 942 ## - ADDED ENTRY ELEMENTS (KOHA) | |
| Suppress in OPAC | 0 |
| Withdrawn status | Lost status | Source of classification or shelving scheme | Damaged status | Not for loan | Home library | Current library | Shelving location | Date acquired | Total Checkouts | Full call number | Barcode | Date last seen | Copy number | Price effective from | Koha item type |
|---|---|---|---|---|---|---|---|---|---|---|---|---|---|---|---|
| Dewey Decimal Classification | Virtual | Virtual | Online | 19/07/2010 | ONLINE PUBLICATION | 150486-2001 | 06/08/2019 | 1 | 06/08/2019 | Book |